Modelovanie a intenzifikácia procesu rekarbonizácie v reaktore s fluidizovanou vrstvou

Salvato in:
Dettagli Bibliografici
Autore principale: Vrabeľ, Martin (Autore)
Altri autori: Derco, Ján (Relatore della tesi)
Natura: Manoscritto Libro
Lingua:slovacco
Pubblicazione: 2022
Soggetti:
Accesso online:http://is.stuba.sk/zp/portal_zp.pl?podrobnosti=145788
Tags: Aggiungi Tag
Nessun Tag, puoi essere il primo ad aggiungerne!!

MARC

LEADER 00000ntm a22000003a 4500
001 stuzp66214
003 SK-STU
005 20220827210312.5
007 ta
008 150427s2015----xo-----f-mn---000-0-slo-d
040 |a STU  |b slo 
041 0 |a slo 
100 1 |a Vrabeľ, Martin  |u 046290  |4 aut  |U FCHPT Ústav chemického a environmentálneho inžinierstva  |T FCHPT Oddelenie environmentálneho inžinierstva  |X 44025  |U C6290  |Y 120  |7 44025 
242 0 1 |a Modelling and intensification of recarbonization process in fluidised bed reactor  |y eng 
245 1 0 |a Modelovanie a intenzifikácia procesu rekarbonizácie v reaktore s fluidizovanou vrstvou 
260 |c 2022 
650 4 |a rekarbonizácia  |2 slo 
650 4 |a fluidizačný reaktor  |2 slo 
650 4 |a vápnik  |2 slo 
650 4 |a horčík  |2 slo 
650 4 |a úprava pitnej vody  |2 slo 
650 4 |a recarbonization  |2 eng 
650 4 |a fluidised bed reactor  |2 eng 
650 4 |a water treatment  |2 eng 
650 4 |a calcium  |2 eng 
650 4 |a magnesium  |2 eng 
700 1 |a Derco, Ján  |u 046290  |k Z1  |4 ths  |U FCHPT Ústav chemického a environmentálneho inžinierstva  |T FCHPT Oddelenie environmentálneho inžinierstva  |X 3304  |U C6290  |Y 120  |7 A000003304 
856 4 |u http://is.stuba.sk/zp/portal_zp.pl?podrobnosti=145788